000 00584nam a2200193Ia 4500
003 GCL
008 140319s9999 xx 000 0 ara d
040 _aGCL /
_cGCL
082 0 4 _a791.437
_bس ف
100 1 _aسمير فريد
245 1 0 _aفى مهرجان كان 1967 - 1973 /
_cسمير فريد
300 _a126 ص
650 0 4 _aالافلام السينمائية
650 0 4 _aالسينما
650 0 4 _aالافلام السينمائية - تاريخ ونقد
650 0 4 _aمهرجان كان
650 0 4 _aالمهرجانات الدولية
942 _2ddc
_cBK
999 _c50624
_d50624